Statistics for Countries with Two Borders - Bordering Countries

Click here to take the quiz!

General Stats

  • This quiz has been taken 87 times
  • The average score is 49 of 54

Answer Stats

HintAnswer% Correct
MongoliaChina
100%
BhutanChina
100%
NepalChina
100%
AndorraFrance
99%
BangladeshIndia
99%
India
99%
India
99%
Mexico
99%
Mexico
99%
Spain
99%
Russia
98%
Russia
98%
Germany
96%
LebanonIsrael
95%
EstoniaLatvia
95%
Saudi Arabia
95%
Saudi Arabia
95%
Saudi Arabia
95%
NetherlandsBelgium
94%
PanamaColombia
94%
EcuadorColombia
94%
KuwaitIraq
94%
Panama
94%
SwedenFinland
93%
El SalvadorGuatemala
93%
BelizeGuatemala
93%
Honduras
93%
Honduras
93%
Norway
93%
Syria
93%
Peru
91%
TunisiaAlgeria
90%
NicaraguaCosta Rica
90%
Costa Rica
90%
Brazil
89%
Myanmar
89%
Costa RicaNicaragua
89%
South Africa
89%
LiechtensteinAustria
88%
Guinea-BissauGuinea
88%
Sierra LeoneGuinea
88%
Libya
88%
United Arab EmiratesOman
88%
YemenOman
88%
Switzerland
88%
UruguayArgentina
86%
United StatesCanada
84%
Ukraine
84%
MoldovaRomania
83%
SwazilandMozambique
79%
Gabon
78%
Equatorial GuineaCameroon
76%
Senegal
76%
Liberia
73%

Score Distribution

Percentile by Number Answered

Percent of People with Each Score

Your Score History

You have not taken this quiz